02697cam a2200301 i 450000100090000000300090000900500170001800800410003502000180007604000380009408200190013210000300015124500540018126400600023530000570029533600260035233700280037833800270040650400510043352016250048465000200210965300220212965500170215190600450216894200120221399900170222595201530224222615002EG-ScBUE20240306135856.0220601s2023 nyua f b 001 0 eng d a9781138851719 aDLCbengerdacDLCdDLCdEG-ScBUE04a729.1222bKOR1 aKorman, Randall,eauthor.14aThe architecture of the facade /cRandall Korman. 1aNew York :bRoutledge / Tatylor & Francis Group,c2023. axx, 330 pages :billustrations (some color) ;c27 cm atextbtxt2rdacontent aunmediatedbn2rdamedia avolumebnc2rdacarrier aIncludes bibliographical references and index. a"The Architecture of the Façade provides a comprehensive study of the façade as both a physical and cultural artifact, highlighting its significance as a critical component of the civic realm and arguing for the restoration of the art of the façade as both a subject of study within academia and an aspiration within the profession at large. As the principal surface of mediation, contextualization, and representation, the façade carries the lion's share of responsibility for containing the internal environment and confronting the outer world. And yet, in recent decades, the very question of what exactly a façade is has been raised by the dramatic changes in building technology, advances of parametric design, and the ubiquity of "blob" architecture. The Architecture of the Façade addresses these and other related issues. The book is organized into twelve chapters, with each chapter addressing a particular aspect of the phenomenon of the façade such as those of wall, the frame, transparency, and the role of the façade in civic space. Korman also discusses proportional systems, the language of composition, the role of precedent, the importance of context, the role of structure, and much more. Over 350 photos and diagrams provide readers with a variety of examples of artful façades throughout history. Online teaching resources to accompany this book include a course syllabus and a glossary. This will be of great interest to design architecture students in architecture studios as well as instructors and professional architects interested in façade design"--cProvided by publisher. 7aFacades.2BUEsh cMarch2024bENGARC vReading book a7bcbccorignewd1eecipf20gy-gencatlg 2ddccBB c30705d30676 00102ddc40708AlahramaMAINbMAINc2NDd2024-03-06ePurchaseg2399.00h176l0o729.1 KORp000057052r2025-07-15 00:00:00v2999.00w2024-03-06yBB